00305 a2200109 4500001000700000020000600007040001100013100003100024240006800055245006300123362000900186177028 a  cMagnum aOliveira, Eliezer Rizzo de10aDe geisel a collor: forcas armadas, transicao e democracialpor10aDe geisel a collor: forcas armadas, transicao e democracia0 a1899